000 00542nmm a2200169Ia 4500
008 251105s9999||||xx |||||||||||||||||und||
020 _a8476587449
041 _aspa
100 _aArellano Duque, Antonio (Coord.)
245 0 _aLa educación en tiempos débiles e inciertos
264 _a[Madrid, España] :
_bAnthropos,
_c2005
300 _a382 páginas
490 _aAutores, textos y temas. Repensar La Educación Desde La Actualidad
650 _aEducation
856 _uhttps://public.digitaliapublishing.com/a/15559
942 _cCF
999 _c73348
_d73348